[Event "MCRW_SF15"]
[Site "?"]
[Date "2008.09.01"]
[Round "?"]
[White "Pravec, Ladislav"]
[Black "Portych, Václav"]
[Result "1/2-1/2"]
[WhiteElo "2327"]
[BlackElo "2044"]
[PlyCount "34"]
[EventDate "2008.??.??"]
[EventType "corr"]
[EventRounds "2"]

1. d4 Nf6 2. c4 e6 3. Nf3 b6 4. g3 Bb7 5. Bg2 Be7 6. O-O O-O 7. b3 d5 8. cxd5
Nxd5 9. Bb2 Nd7 10. Re1 c5 11. e4 N5f6 12. Nc3 cxd4 13. Nxd4 Ne5 14. f4 Nc6 15.
Nxc6 Bxc6 16. Qe2 Qd7 17. e5 Nd5 1/2-1/2

[Event "MCRW_SF15"]
[Site "?"]
[Date "2008.09.01"]
[Round "?"]
[White "Pravec, Ladislav"]
[Black "Fric, Pavel"]
[Result "1-0"]
[WhiteElo "2327"]
[BlackElo "2407"]
[PlyCount "127"]
[EventDate "2008.??.??"]
[EventType "corr"]
[EventRounds "2"]

1. d4 Nf6 2. c4 g6 3. Nc3 d5 4. cxd5 Nxd5 5. e4 Nxc3 6. bxc3 Bg7 7. Nf3 c5 8.
Rb1 O-O 9. Be2 cxd4 10. cxd4 Qa5+ 11. Qd2 Qxd2+ 12. Bxd2 b6 13. O-O Bb7 14. d5
Rc8 15. Rfc1 Nd7 16. Bb4 Kf8 17. Bb5 Rxc1+ 18. Rxc1 Rc8 19. Rxc8+ Bxc8 20. d6
e6 21. e5 Ke8 22. Bc6 Kd8 23. Bc3 h6 24. Kf1 Ba6+ 25. Ke1 g5 26. g4 Kc8 27.
Bxd7+ Kxd7 28. h4 gxh4 29. Nxh4 Bd3 30. Kd2 Be4 31. Ke3 Bd5 32. a3 Bf8 33. f4
Bb3 34. Ke2 Bc4+ 35. Kf2 Bb3 36. Nf3 Ba4 37. Nd4 Bg7 38. Ke2 Bh8 39. Ke3 Bg7
40. Ne2 Bc2 41. f5 Bd1 42. Kd2 Bb3 43. Nf4 Bf8 44. Ke3 Bc2 45. fxe6+ fxe6 46.
Nh5 Kd8 47. Be1 Kc8 48. Kf4 Bd1 49. Nf6 Ba4 50. g5 Bc2 51. Ng4 hxg5+ 52. Kxg5
Bg7 53. Bg3 Kd8 54. Nf6 Bf8 55. Kh5 Kc8 56. Bh4 Bd3 57. a4 Bg7 58. Kg5 Bb1 59.
Bg3 Kd8 60. Kh5 Bc2 61. a5 Bb3 62. axb6 axb6 63. Bh4 Kc8 64. d7+ 1-0

[Event "MCRW_SF15"]
[Site "?"]
[Date "2008.09.01"]
[Round "?"]
[White "Pravec, Ladislav"]
[Black "Postl, Rostislav"]
[Result "1/2-1/2"]
[WhiteElo "2327"]
[BlackElo "2230"]
[PlyCount "69"]
[EventDate "2008.??.??"]
[EventType "corr"]
[EventRounds "2"]

1. d4 Nf6 2. c4 e6 3. Nf3 d5 4. Nc3 Be7 5. Bf4 O-O 6. e3 Nc6 7. h3 Bd6 8. Bxd6
cxd6 9. cxd5 Nxd5 10. Nxd5 exd5 11. Be2 Bf5 12. O-O Qb6 13. Qd2 Ne7 14. a4 Rfc8
15. a5 Qd8 16. Rfc1 h6 17. Ne1 Be4 18. Nd3 Ng6 19. Kh2 Rc6 20. Nb4 Rxc1 21.
Qxc1 Rc8 22. Qd2 Ne7 23. Ra3 a6 24. Bg4 Rc7 25. Bd1 Qd7 26. Ba4 Qc8 27. Bb3 Qd7
28. Qd1 Kf8 29. Qf1 Qe6 30. Ra1 Qd7 31. f3 Bf5 32. Bxd5 Be6 33. Bxe6 Qxe6 34.
Qd3 Qc4 35. Qd2 1/2-1/2

[Event "MCRW_SF15"]
[Site "?"]
[Date "2008.09.01"]
[Round "?"]
[White "Pravec, Ladislav"]
[Black "Glaser, Karel"]
[Result "1-0"]
[WhiteElo "2327"]
[BlackElo "2280"]
[PlyCount "55"]
[EventDate "2008.??.??"]
[EventType "corr"]
[EventRounds "2"]

1. d4 d5 2. c4 c6 3. Nf3 Nf6 4. Nc3 dxc4 5. a4 Bf5 6. e3 e6 7. Bxc4 Bb4 8. O-O
Nbd7 9. Qe2 O-O 10. e4 Bg6 11. Bd3 Bh5 12. e5 Nd5 13. Nxd5 exd5 14. Bf5 Re8 15.
Qd3 Nf8 16. g4 Bg6 17. Bg5 Qc7 18. Rac1 Qa5 19. b3 h6 20. Be3 Qd8 21. Kh1 Be7
22. Rg1 Ba3 23. Rcd1 Be7 24. Rg3 Rb8 25. Rdg1 b5 26. g5 hxg5 27. Nxg5 Bxg5 28.
Bxg5 1-0

[Event "MCRW_SF15"]
[Site "?"]
[Date "2008.09.01"]
[Round "?"]
[White "Pravec, Ladislav"]
[Black "Kuchta, Jirí (Prague)"]
[Result "1/2-1/2"]
[WhiteElo "2327"]
[BlackElo "2193"]
[PlyCount "82"]
[EventDate "2008.??.??"]
[EventType "corr"]
[EventRounds "2"]

1. d4 Nf6 2. c4 e6 3. Nf3 b6 4. g3 Ba6 5. b3 Bb4+ 6. Bd2 Be7 7. Bg2 c6 8. Bc3
d5 9. Nbd2 Nbd7 10. Rc1 O-O 11. O-O Rc8 12. Rc2 c5 13. Qa1 dxc4 14. Nxc4 Nd5
15. Bd2 cxd4 16. Nxd4 Bc5 17. a4 N7f6 18. Nb5 Qe7 19. Rcc1 Rfd8 20. Ne5 Bb4 21.
Rfd1 Bxb5 22. axb5 Rxc1 23. Qxc1 Qd6 24. Nc6 Nc3 25. Bf1 a5 26. bxa6 Qxc6 27.
Bxc3 Rxd1 28. Qxd1 Bxc3 29. Bg2 Nd5 30. e4 Qa8 31. exd5 Qxa6 32. dxe6 Qc8 33.
exf7+ Kxf7 34. Qd6 g6 35. Bd5+ Kg7 36. Qxb6 Be5 37. b4 Qd7 38. Qc5 Qc7 39. Qe3
Qc3 40. Qa7+ Qc7 41. Qa4 Bd4 1/2-1/2

[Event "MCRW_SF15"]
[Site "?"]
[Date "2008.09.01"]
[Round "?"]
[White "Pravec, Ladislav"]
[Black "Thoma, Otomar"]
[Result "1/2-1/2"]
[WhiteElo "2327"]
[BlackElo "2184"]
[PlyCount "56"]
[EventDate "2008.??.??"]
[EventType "corr"]
[EventRounds "2"]

1. d4 Nf6 2. c4 e6 3. Nf3 d5 4. Nc3 Bb4 5. cxd5 exd5 6. Bg5 Nbd7 7. e3 c5 8.
Bd3 Qa5 9. Qc2 c4 10. Bf5 O-O 11. O-O Re8 12. Nd2 g6 13. Bxd7 Nxd7 14. a3 Bxc3
15. bxc3 Nb6 16. f3 Bd7 17. Rfe1 Re6 18. Bf4 Rae8 19. Reb1 Bc6 20. Rb4 Nd7 21.
Nf1 Qd8 22. a4 b6 23. Qf2 Qe7 24. h4 Nf6 25. Ng3 Bd7 26. Nf1 Nh5 27. Bh2 Ng7
28. Bf4 Nh5 1/2-1/2

[Event "MCRW_SF15"]
[Site "?"]
[Date "2008.09.01"]
[Round "?"]
[White "Portych, Václav"]
[Black "Pravec, Ladislav"]
[Result "1/2-1/2"]
[WhiteElo "2044"]
[BlackElo "2327"]
[PlyCount "54"]
[EventDate "2008.??.??"]
[EventType "corr"]
[EventRounds "2"]

1. c4 Nf6 2. Nc3 g6 3. Nf3 Bg7 4. d4 d5 5. Qb3 dxc4 6. Qxc4 O-O 7. e4 Na6 8.
Be2 c5 9. d5 e6 10. O-O exd5 11. exd5 Re8 12. Rd1 Bd7 13. Be3 Ng4 14. Bg5 Qb6
15. Rd2 h6 16. Bf4 Qa5 17. Bf1 Nf6 18. Be5 b5 19. Nxb5 Rxe5 20. Nc3 Ree8 21.
Qxa6 Qxa6 22. Bxa6 Rab8 23. Rc1 h5 24. Rcc2 Rbd8 25. Re2 Bf5 26. Rxe8+ Nxe8 27.
Re2 Bxc3 1/2-1/2

[Event "MCRW_SF15"]
[Site "?"]
[Date "2008.09.01"]
[Round "?"]
[White "Portych, Václav"]
[Black "Fric, Pavel"]
[Result "0-1"]
[WhiteElo "2044"]
[BlackElo "2407"]
[PlyCount "88"]
[EventDate "2008.??.??"]
[EventType "corr"]
[EventRounds "2"]

1. c4 e5 2. Nc3 d6 3. Nf3 f5 4. d4 e4 5. Ng5 Be7 6. Nh3 Nf6 7. g3 O-O 8. Bg2 c6
9. O-O Na6 10. d5 Qa5 11. a3 Nc7 12. Bd2 Qa6 13. Rc1 Bd7 14. Qb3 Rac8 15. Rfe1
Kh8 16. Bf4 cxd5 17. cxd5 Nb5 18. Nxb5 Bxb5 19. Qd1 Rxc1 20. Bxc1 Bc4 21. Nf4
Qb5 22. Ne6 Rc8 23. Nd4 Qxd5 24. b3 Ba6 25. Qd2 Ng4 26. h3 Nh6 27. Qe3 Bf6 28.
Bb2 b6 29. Kh2 Be5 30. f4 Bf6 31. Rd1 Ng8 32. Rd2 Ne7 33. Nc2 Qe6 34. Bxf6 Qxf6
35. Qd4 Qxd4 36. Nxd4 g6 37. g4 Rc3 38. a4 Kg7 39. a5 bxa5 40. Ne6+ Kf7 41.
Ng5+ Ke8 42. Nxh7 Rxb3 43. Rxd6 Bxe2 44. gxf5 gxf5 0-1

[Event "MCRW_SF15"]
[Site "?"]
[Date "2008.09.01"]
[Round "?"]
[White "Portych, Václav"]
[Black "Postl, Rostislav"]
[Result "1/2-1/2"]
[WhiteElo "2044"]
[BlackElo "2230"]
[PlyCount "111"]
[EventDate "2008.??.??"]
[EventType "corr"]
[EventRounds "2"]

1. c4 Nf6 2. Nc3 e5 3. Nf3 Nc6 4. g3 Bb4 5. Bg2 O-O 6. O-O Re8 7. Nd5 Bc5 8. d3
h6 9. a3 d6 10. b4 Bb6 11. Nd2 Bg4 12. h3 Bf5 13. Nxb6 axb6 14. Bb2 Qe7 15. b5
Na5 16. e4 Bh7 17. f4 Nd7 18. Qc2 Nc5 19. f5 Qg5 20. Kh2 Rad8 21. Nf3 Qe7 22.
Rab1 Ra8 23. Bc1 Qd8 24. g4 Kf8 25. Be3 f6 26. h4 Bg8 27. g5 hxg5 28. hxg5 Ke7
29. Rfe1 Kd7 30. g6 Kc8 31. Nd2 Qe7 32. Rh1 Kb8 33. Kg1 Ka7 34. Qc3 Rad8 35.
Rf1 Kb8 36. Bf3 Rc8 37. Kg2 Rf8 38. Rh3 c6 39. bxc6 bxc6 40. Rb1 Ka7 41. Rhh1
Ra8 42. Qb4 Qc7 43. Rhd1 Rfd8 44. a4 Rab8 45. Qa3 Ka8 46. Rb4 Rb7 47. Rdb1 Rdb8
48. Qc3 Ka7 49. Kf2 Ka8 50. Bxc5 dxc5 51. R4b2 Ra7 52. Bd1 Ra6 53. Nb3 Nxb3 54.
Rxb3 Qd8 55. Ke1 Qd4 56. Qxd4 1/2-1/2

[Event "MCRW_SF15"]
[Site "?"]
[Date "2008.09.01"]
[Round "?"]
[White "Portych, Václav"]
[Black "Glaser, Karel"]
[Result "1/2-1/2"]
[WhiteElo "2044"]
[BlackElo "2280"]
[PlyCount "65"]
[EventDate "2008.??.??"]
[EventType "corr"]
[EventRounds "2"]

1. c4 Nf6 2. Nc3 e5 3. Nf3 Nc6 4. g3 Bb4 5. Bg2 O-O 6. O-O e4 7. Ne1 Bxc3 8.
dxc3 h6 9. Nc2 Re8 10. Ne3 d6 11. Qc2 b6 12. b3 a5 13. Bb2 Bd7 14. Rad1 a4 15.
b4 Ne5 16. Bc1 Be6 17. c5 b5 18. f4 Nc4 19. f5 Nxe3 20. Bxe3 Bc4 21. Bd4 d5 22.
Rf4 Qe7 23. h3 Ra6 24. Qd2 a3 25. Kh2 Nh7 26. Rg4 f6 27. Rf1 Ng5 28. Be3 Nf7
29. Rf2 Ne5 30. Rh4 Qf7 31. Bd4 c6 32. Qc2 Raa8 33. Rhf4 1/2-1/2

[Event "MCRW_SF15"]
[Site "?"]
[Date "2008.09.01"]
[Round "?"]
[White "Portych, Václav"]
[Black "Kuchta, Jirí (Prague)"]
[Result "1/2-1/2"]
[WhiteElo "2044"]
[BlackElo "2193"]
[PlyCount "63"]
[EventDate "2008.??.??"]
[EventType "corr"]
[EventRounds "2"]

1. c4 Nf6 2. Nc3 e6 3. Nf3 d5 4. cxd5 exd5 5. d4 Bb4 6. Bg5 Nbd7 7. Qc2 O-O 8.
e3 c5 9. Bd3 h6 10. Bh4 cxd4 11. Nxd4 Nc5 12. O-O Nxd3 13. Qxd3 Be6 14. Rfc1
Rc8 15. Qb5 Bxc3 16. Rxc3 Rxc3 17. bxc3 g5 18. Bg3 Qd7 19. Rb1 b6 20. f3 Qxb5
21. Nxb5 Ra8 22. Kf2 Bd7 23. Nc7 Rc8 24. Rd1 Kh7 25. Rd4 Kg6 26. a3 Bc6 27. c4
dxc4 28. Rxc4 Bb7 29. Ra4 a6 30. e4 b5 31. Rd4 Ne8 32. Nxe8 1/2-1/2

[Event "MCRW_SF15"]
[Site "?"]
[Date "2008.09.01"]
[Round "?"]
[White "Portych, Václav"]
[Black "Thoma, Otomar"]
[Result "1/2-1/2"]
[WhiteElo "2044"]
[BlackElo "2184"]
[PlyCount "61"]
[EventDate "2008.??.??"]
[EventType "corr"]
[EventRounds "2"]

1. c4 e5 2. Nc3 Nf6 3. Nf3 Nc6 4. g3 Bb4 5. Bg2 O-O 6. O-O e4 7. Ne1 Bxc3 8.
dxc3 h6 9. Nc2 Re8 10. Ne3 d6 11. Qc2 a5 12. Bd2 Be6 13. Rad1 Qd7 14. Bc1 Ne5
15. Nd5 Bxd5 16. cxd5 Ng6 17. c4 a4 18. Be3 b5 19. Bd4 Ne5 20. cxb5 Qxb5 21.
Qxc7 Qxe2 22. Qxd6 Rad8 23. Qb4 Rxd5 24. Rd2 Qa6 25. Bxe5 Rdxe5 26. Rd4 Rb5 27.
Qxa4 Qxa4 28. Rxa4 Rxb2 29. Re1 g5 30. Bxe4 Nxe4 31. Raxe4 1/2-1/2

[Event "MCRW_SF15"]
[Site "?"]
[Date "2008.09.01"]
[Round "?"]
[White "Fric, Pavel"]
[Black "Pravec, Ladislav"]
[Result "1-0"]
[WhiteElo "2407"]
[BlackElo "2327"]
[PlyCount "91"]
[EventDate "2008.??.??"]
[EventType "corr"]
[EventRounds "2"]

1. e4 c5 2. Nf3 d6 3. d4 cxd4 4. Nxd4 Nf6 5. Nc3 a6 6. Be3 g6 7. f3 Qc7 8. Qd2
Bg7 9. g4 h6 10. h4 Nc6 11. O-O-O Ne5 12. Be2 b5 13. g5 hxg5 14. hxg5 Rxh1 15.
Rxh1 Nh5 16. Nd5 Qb7 17. b3 Be6 18. Rg1 Rb8 19. f4 Nc4 20. bxc4 bxc4 21. Qc3
Bxd5 22. exd5 Nxf4 23. Bf3 Nxd5 24. Qxc4 Qb2+ 25. Kd2 Nxe3 26. Kxe3 Bxd4+ 27.
Qxd4 Qa3+ 28. c3 Rc8 29. Kd3 Qxa2 30. Rh1 Qb3 31. Qb4 Qxb4 32. cxb4 Kd7 33. Bd5
a5 34. Bxf7 axb4 35. Rh6 Rc3+ 36. Kd2 Rf3 37. Bxg6 b3 38. Rh4 d5 39. Rg4 Ke6
40. Rg2 Rf1 41. Kc3 Rf3+ 42. Kb2 Rf1 43. Bd3 Rf8 44. Bh7 Kf7 45. Rf2+ Kg7 46.
Rxf8 1-0

[Event "MCRW_SF15"]
[Site "?"]
[Date "2008.09.01"]
[Round "?"]
[White "Fric, Pavel"]
[Black "Portych, Václav"]
[Result "1-0"]
[WhiteElo "2407"]
[BlackElo "2044"]
[PlyCount "97"]
[EventDate "2008.??.??"]
[EventType "corr"]
[EventRounds "2"]

1. d4 Nf6 2. Nc3 d5 3. Nf3 g6 4. Bf4 Bg7 5. e3 O-O 6. Be2 c5 7. O-O cxd4 8.
exd4 Nc6 9. Ne5 Qb6 10. Nxc6 Qxc6 11. Bb5 Qb6 12. a4 Nh5 13. Bg5 Qd6 14. Qd2
Bf5 15. Rfe1 Nf6 16. a5 Rfc8 17. a6 b6 18. Ba4 Qb4 19. Bb3 e6 20. Re2 Qf8 21.
f3 h6 22. Bxf6 Bxf6 23. g4 Bxc2 24. Bxc2 Qb4 25. Nd1 Qxd4+ 26. Qxd4 Bxd4+ 27.
Kg2 Rc5 28. f4 g5 29. f5 Rac8 30. Bd3 e5 31. Rd2 Kg7 32. Ra3 Kf6 33. Kf1 Rc1
34. Be2 h5 35. gxh5 Kxf5 36. Rg3 Ke6 37. Bf3 f6 38. Ke2 Rd8 39. h4 gxh4 40. Rg7
f5 41. Rxa7 Ra1 42. h6 b5 43. Rxd4 exd4 44. h7 Rh8 45. Nf2 Ra2 46. Nd3 h3 47.
Kf2 Kf6 48. Bxd5 Ra1 49. Kg3 1-0

[Event "MCRW_SF15"]
[Site "?"]
[Date "2008.09.01"]
[Round "?"]
[White "Fric, Pavel"]
[Black "Postl, Rostislav"]
[Result "1-0"]
[WhiteElo "2407"]
[BlackElo "2230"]
[PlyCount "85"]
[EventDate "2008.??.??"]
[EventType "corr"]
[EventRounds "2"]

1. d4 Nf6 2. c4 e6 3. Nc3 Bb4 4. Qc2 O-O 5. a3 Bxc3+ 6. Qxc3 d5 7. Nf3 Ne4 8.
Qc2 Nc6 9. e3 a5 10. Bd3 f5 11. O-O Qe7 12. Bd2 Bd7 13. Be1 Rf6 14. Rc1 Qe8 15.
Ne5 Nxe5 16. dxe5 Rg6 17. Be2 Ba4 18. b3 Bc6 19. f3 dxc4 20. Qxc4 Ng5 21. Bg3
h5 22. Qc5 Qf7 23. a4 Nh7 24. Rfd1 Nf8 25. Be1 Nd7 26. Qd4 Nb6 27. Rc5 Qe7 28.
Rxa5 Rf8 29. Bb4 Qg5 30. g3 Rb8 31. Kf2 Rh6 32. h4 Qg6 33. Be7 Rh7 34. Bd8 Nd5
35. Bg5 Qe8 36. Rc1 g6 37. Rac5 Rd7 38. a5 Ra8 39. a6 Nb6 40. Qb4 Nd5 41. Qe1
Rf7 42. b4 Bd7 43. axb7 1-0

[Event "MCRW_SF15"]
[Site "?"]
[Date "2008.09.01"]
[Round "?"]
[White "Fric, Pavel"]
[Black "Glaser, Karel"]
[Result "1/2-1/2"]
[WhiteElo "2407"]
[BlackElo "2280"]
[PlyCount "72"]
[EventDate "2008.??.??"]
[EventType "corr"]
[EventRounds "2"]

1. e4 e5 2. Nf3 Nc6 3. d4 exd4 4. Nxd4 Bc5 5. Be3 Qf6 6. c3 Nge7 7. Bc4 Ne5 8.
Be2 Qg6 9. O-O d6 10. f3 O-O 11. Nd2 d5 12. f4 Ng4 13. Bxg4 Bxg4 14. f5 Qh5 15.
Qb3 dxe4 16. Qxb7 Bb6 17. Nc4 Nxf5 18. Nxb6 cxb6 19. Rae1 Nxd4 20. Bxd4 Be2 21.
Rf4 Bd3 22. h3 f6 23. Bxf6 Qf7 24. Qxf7+ Rxf7 25. Be5 g5 26. Rxf7 Kxf7 27. Bd4
Ke6 28. b3 b5 29. Ra1 Kd5 30. Kf2 a5 31. a4 b4 32. Ke3 bxc3 33. Bxc3 Rb8 34.
Ra3 Bf1 35. Bxa5 Bxg2 36. b4 Rf8 1/2-1/2

[Event "MCRW_SF15"]
[Site "?"]
[Date "2008.09.01"]
[Round "?"]
[White "Fric, Pavel"]
[Black "Kuchta, Jirí (Prague)"]
[Result "1-0"]
[WhiteElo "2407"]
[BlackElo "2193"]
[PlyCount "103"]
[EventDate "2008.??.??"]
[EventType "corr"]
[EventRounds "2"]

1. e4 c5 2. Nf3 d6 3. d4 cxd4 4. Nxd4 Nf6 5. Nc3 a6 6. Be3 e5 7. Nb3 Be6 8. f3
Be7 9. Qd2 O-O 10. O-O-O Nbd7 11. g4 b5 12. g5 b4 13. Ne2 Ne8 14. Ng3 a5 15.
Kb1 a4 16. Nc1 Nc7 17. f4 exf4 18. Bxf4 Nc5 19. Qxb4 Rb8 20. Qc3 f6 21. Be3 Qc8
22. gxf6 Bxf6 23. Bd4 Ne8 24. Bc4 Rf7 25. Bxe6 Qxe6 26. e5 Bxe5 27. Bxe5 Qxe5
28. Qxe5 dxe5 29. Rhe1 Re7 30. Rd5 Reb7 31. b3 axb3 32. axb3 Nd7 33. Nd3 Nef6
34. Ra5 Rb5 35. Rxb5 Rxb5 36. b4 Rd5 37. Kb2 Kf7 38. Re3 Ng4 39. Re2 Ngf6 40.
Kb3 g5 41. Nf2 Ke6 42. c3 Nb8 43. Nge4 Nxe4 44. Nxe4 Kf5 45. Kc4 Rd1 46. Kb5 g4
47. c4 Rd4 48. Ng3+ Ke6 49. Ra2 Nd7 50. Ra6+ Kf7 51. Rh6 Nf6 52. c5 1-0

[Event "MCRW_SF15"]
[Site "?"]
[Date "2008.09.01"]
[Round "?"]
[White "Fric, Pavel"]
[Black "Thoma, Otomar"]
[Result "1-0"]
[WhiteElo "2407"]
[BlackElo "2184"]
[PlyCount "99"]
[EventDate "2008.??.??"]
[EventType "corr"]
[EventRounds "2"]

1. e4 c5 2. Nf3 e6 3. d4 cxd4 4. Nxd4 Nc6 5. Nc3 Nf6 6. Nxc6 bxc6 7. e5 Nd5 8.
Ne4 Qc7 9. f4 Qb6 10. c4 Bb4+ 11. Ke2 f5 12. exf6 Nxf6 13. Be3 Qa5 14. Nxf6+
gxf6 15. a3 Be7 16. Kf2 O-O 17. Bd3 f5 18. Rg1 Bf6 19. c5 Kh8 20. Bc4 Qd8 21.
Qd2 Rf7 22. Rad1 Qe7 23. Bd4 Rb8 24. Rge1 Bxd4+ 25. Qxd4+ Qf6 26. Re5 Bb7 27.
Be2 Rg8 28. Re3 d5 29. cxd6 Qxd4 30. Rxd4 c5 31. Rc4 Rd8 32. Rxc5 Rxd6 33. b4
Kg7 34. Rd3 Rxd3 35. Bxd3 Rd7 36. Bb5 Re7 37. Bc4 Kf6 38. g3 Rd7 39. Ke3 h6 40.
a4 Rh7 41. b5 h5 42. a5 Rd7 43. a6 Be4 44. Rc8 e5 45. Rf8+ Kg7 46. Rb8 exf4+
47. Kxf4 Kf6 48. b6 axb6 49. Rxb6+ Ke7 50. Be6 1-0

[Event "MCRW_SF15"]
[Site "?"]
[Date "2008.09.01"]
[Round "?"]
[White "Postl, Rostislav"]
[Black "Pravec, Ladislav"]
[Result "1/2-1/2"]
[WhiteElo "2230"]
[BlackElo "2327"]
[PlyCount "64"]
[EventDate "2008.??.??"]
[EventType "corr"]
[EventRounds "2"]

1. c4 Nf6 2. d4 g6 3. Nc3 Bg7 4. e4 d6 5. Nf3 O-O 6. Be2 c5 7. d5 e6 8. O-O
exd5 9. cxd5 Re8 10. Nd2 Na6 11. f3 Nd7 12. Nc4 Ne5 13. Bf4 Nxc4 14. Bxc4 Nc7
15. Qd2 a6 16. a4 Bd4+ 17. Kh1 Rb8 18. a5 b5 19. axb6 Rxb6 20. Bg5 Bf6 21. f4
Bxg5 22. fxg5 Nb5 23. Bd3 Nxc3 24. bxc3 Qe7 25. Kg1 Bd7 26. Qf4 Ra8 27. Ra5 Bb5
28. c4 Bd7 29. Rfa1 Kg7 30. g3 Kg8 31. Qf6 Qxf6 32. gxf6 Kf8 1/2-1/2

[Event "MCRW_SF15"]
[Site "?"]
[Date "2008.09.01"]
[Round "?"]
[White "Postl, Rostislav"]
[Black "Portych, Václav"]
[Result "1/2-1/2"]
[WhiteElo "2230"]
[BlackElo "2044"]
[PlyCount "90"]
[EventDate "2008.??.??"]
[EventType "corr"]
[EventRounds "2"]

1. c4 e5 2. Nc3 Nf6 3. g3 Bb4 4. Bg2 O-O 5. Nf3 Nc6 6. O-O Re8 7. d3 Bxc3 8.
bxc3 e4 9. Nd4 exd3 10. exd3 Nxd4 11. cxd4 d5 12. Bf4 c6 13. Re1 Rxe1+ 14. Qxe1
Bf5 15. Qc3 h6 16. h3 Qd7 17. g4 Be6 18. c5 h5 19. f3 Nh7 20. Rb1 hxg4 21. hxg4
Nf8 22. Qa5 b5 23. cxb6 Qb7 24. Rb3 Ng6 25. Bg3 axb6 26. Qxb6 Qe7 27. Rb2 Qg5
28. Bf1 Qe3+ 29. Kg2 Rc8 30. Qb4 Nf4+ 31. Kh2 Ng6 32. Be2 Qh6+ 33. Kg2 Nf4+ 34.
Bxf4 Qxf4 35. a4 g6 36. Qd2 Qxd4 37. Qb4 Qxb4 38. Rxb4 c5 39. Rb7 c4 40. dxc4
dxc4 41. a5 c3 42. Rb1 Bc4 43. Kf2 Bxe2 44. Kxe2 c2 45. Rc1 Ra8 1/2-1/2

[Event "MCRW_SF15"]
[Site "?"]
[Date "2008.09.01"]
[Round "?"]
[White "Postl, Rostislav"]
[Black "Fric, Pavel"]
[Result "0-1"]
[WhiteElo "2230"]
[BlackElo "2407"]
[PlyCount "86"]
[EventDate "2008.??.??"]
[EventType "corr"]
[EventRounds "2"]

1. c4 e5 2. Nc3 d6 3. g3 f5 4. Bg2 Nc6 5. d3 Nf6 6. Nf3 g6 7. O-O Bg7 8. Bg5 h6
9. Be3 g5 10. Bd2 Be6 11. b4 a6 12. b5 axb5 13. cxb5 Ne7 14. a4 O-O 15. Qc2 Qd7
16. a5 c5 17. Rfb1 e4 18. Ne1 Ned5 19. Nxd5 Nxd5 20. Ra4 Nc7 21. a6 bxa6 22. b6
Nb5 23. dxe4 fxe4 24. Qxe4 d5 25. Qc2 c4 26. Bb4 Rfb8 27. Ba5 Re8 28. Qd1 Rab8
29. Nc2 d4 30. Qd2 Bd5 31. Bxd5+ Qxd5 32. Rc1 Qf7 33. Rf1 Rb7 34. Re1 Nd6 35.
f3 Qd5 36. g4 Qb5 37. Qb4 Qc6 38. Na3 Re5 39. Rf1 d3 40. exd3 Re2 41. Nxc4 Bd4+
42. Kh1 Rf7 43. Qb3 Kg7 0-1

[Event "MCRW_SF15"]
[Site "?"]
[Date "2008.09.01"]
[Round "?"]
[White "Postl, Rostislav"]
[Black "Glaser, Karel"]
[Result "1/2-1/2"]
[WhiteElo "2230"]
[BlackElo "2280"]
[PlyCount "90"]
[EventDate "2008.??.??"]
[EventType "corr"]
[EventRounds "2"]

1. c4 Nf6 2. d4 e6 3. Nc3 d5 4. Nf3 c6 5. e3 Nbd7 6. Bd3 dxc4 7. Bxc4 b5 8. Bd3
a6 9. a4 Bb7 10. O-O b4 11. Ne4 c5 12. Nxf6+ Qxf6 13. Re1 h6 14. b3 cxd4 15.
exd4 Bd6 16. Bb2 Bxf3 17. Qxf3 Qxf3 18. gxf3 Nf6 19. Rac1 Kd7 20. Rc4 Nd5 21.
Rec1 a5 22. Rc6 Rhd8 23. Bb5 Ke7 24. R1c2 Bf4 25. Kg2 g5 26. R6c5 Bd6 27. Rc6
Kf8 28. Bc1 Ne7 29. R6c4 Bf4 30. Be3 Rd6 31. Bc6 Rad8 32. Kh3 Kg7 33. Rc1 Bxe3
34. fxe3 e5 35. dxe5 Rd3 36. Be4 Rxe3 37. Kg3 h5 38. h4 gxh4+ 39. Kh3 Rxb3 40.
Rg1+ Kf8 41. Kxh4 Ra3 42. Rc7 Rxa4 43. Rb7 Ra2 44. Kxh5 Nd5 45. Kh4 Rd2 1/2-1/2

[Event "MCRW_SF15"]
[Site "?"]
[Date "2008.09.01"]
[Round "?"]
[White "Postl, Rostislav"]
[Black "Kuchta, Jirí (Prague)"]
[Result "1/2-1/2"]
[WhiteElo "2230"]
[BlackElo "2193"]
[PlyCount "62"]
[EventDate "2008.??.??"]
[EventType "corr"]
[EventRounds "2"]

1. c4 Nf6 2. d4 e6 3. Nf3 d5 4. Nc3 c6 5. e3 Nbd7 6. Bd3 dxc4 7. Bxc4 b5 8. Bd3
Bb7 9. O-O a6 10. e4 c5 11. d5 Qc7 12. dxe6 fxe6 13. Bc2 c4 14. Qe2 Bd6 15. Ng5
Nc5 16. f4 h6 17. Nf3 Nd3 18. Bxd3 cxd3 19. Qxd3 O-O 20. e5 Bc5+ 21. Kh1 Ng4
22. Qe2 Qb6 23. Nd1 Rad8 24. Bd2 h5 25. b4 Be7 26. Rc1 Rd7 27. a3 Qd8 28. Rc2
Bd5 29. Nb2 Bb3 30. Rc3 Bd5 31. Bc1 a5 1/2-1/2

[Event "MCRW_SF15"]
[Site "?"]
[Date "2008.09.01"]
[Round "?"]
[White "Postl, Rostislav"]
[Black "Thoma, Otomar"]
[Result "1-0"]
[WhiteElo "2230"]
[BlackElo "2184"]
[PlyCount "89"]
[EventDate "2008.??.??"]
[EventType "corr"]
[EventRounds "2"]

1. c4 Nf6 2. d4 e6 3. Nc3 Bb4 4. e3 O-O 5. Bd3 d5 6. Nf3 c5 7. O-O Nc6 8. a3
Bxc3 9. bxc3 Qc7 10. Bb2 dxc4 11. Bxc4 e5 12. h3 Bf5 13. Qe2 Rad8 14. Rfd1 h6
15. a4 b6 16. Bb5 e4 17. Bxc6 Qxc6 18. Ne5 Qc7 19. a5 Nd5 20. axb6 axb6 21. c4
Ne7 22. d5 f6 23. Ng4 Qb7 24. Nh2 b5 25. Ba3 b4 26. Bb2 Qb6 27. Nf1 Nc8 28. Ra2
Nd6 29. Rda1 Bc8 30. Nd2 Rfe8 31. Ra7 Rd7 32. R7a5 Rc7 33. Qd1 Bb7 34. Qh5 Rcc8
35. Bxf6 Nxc4 36. Bxg7 Nxa5 37. Bxh6 Qf6 38. Rxa5 Re5 39. Qg4+ Kh8 40. Bf4 Rxd5
41. Nxe4 Qe7 42. Bg5 Qd7 43. Bf6+ Kh7 44. Qh4+ Kg6 45. Ra7 1-0

[Event "MCRW_SF15"]
[Site "?"]
[Date "2008.09.01"]
[Round "?"]
[White "Glaser, Karel"]
[Black "Pravec, Ladislav"]
[Result "1-0"]
[WhiteElo "2280"]
[BlackElo "2327"]
[PlyCount "87"]
[EventDate "2008.??.??"]
[EventType "corr"]
[EventRounds "2"]

1. e4 c5 2. Nf3 d6 3. d4 cxd4 4. Nxd4 Nf6 5. Nc3 a6 6. Be3 g6 7. f3 Qc7 8. Qd2
Bg7 9. g4 h6 10. h4 Nc6 11. Rg1 Nxd4 12. Bxd4 e5 13. Be3 Be6 14. O-O-O Rd8 15.
g5 hxg5 16. hxg5 Nd7 17. Nd5 Qc6 18. Kb1 Nc5 19. Nb4 Qc7 20. Qf2 Kf8 21. Bg2
Rh2 22. c3 a5 23. Nd5 Qc6 24. Rd2 Rc8 25. Qg3 Rh5 26. Rgd1 Na4 27. Qe1 b5 28.
Bf1 Rh1 29. Qe2 Rb8 30. Qg2 Rh4 31. Ba7 Ra8 32. Bg1 Rh5 33. Nf6 Bxf6 34. Rxd6
Qxd6 35. Rxd6 Rxg5 36. Qh2 Kg7 37. Bxb5 Rh8 38. Qf2 Be7 39. Rd1 Bc5 40. Qd2
Rxg1 41. Rxg1 Bxg1 42. Bxa4 Bh2 43. Bb3 Bf4 44. Qd1 1-0

[Event "MCRW_SF15"]
[Site "?"]
[Date "2008.09.01"]
[Round "?"]
[White "Glaser, Karel"]
[Black "Portych, Václav"]
[Result "1/2-1/2"]
[WhiteElo "2280"]
[BlackElo "2044"]
[PlyCount "64"]
[EventDate "2008.??.??"]
[EventType "corr"]
[EventRounds "2"]

1. e4 c5 2. Nf3 Nc6 3. d4 cxd4 4. Nxd4 Nf6 5. Nc3 e5 6. Ndb5 d6 7. Nd5 Nxd5 8.
exd5 Nb8 9. c4 Be7 10. Bd3 a6 11. Nc3 O-O 12. O-O f5 13. f3 Nd7 14. Be3 Bg5 15.
Bf2 Qf6 16. Na4 Qh6 17. Qe2 Rb8 18. c5 dxc5 19. Nxc5 Nxc5 20. Bxc5 Re8 21. Rad1
Bd7 22. Rfe1 Kh8 23. Qf2 Rbc8 24. b4 Qh5 25. d6 Bh4 26. g3 Bf6 27. Qe2 Qg6 28.
a3 Rc6 29. Qf2 Qf7 30. a4 Rcc8 31. a5 g6 32. Qd2 Ba4 1/2-1/2

[Event "MCRW_SF15"]
[Site "?"]
[Date "2008.09.01"]
[Round "?"]
[White "Glaser, Karel"]
[Black "Fric, Pavel"]
[Result "1/2-1/2"]
[WhiteElo "2280"]
[BlackElo "2407"]
[PlyCount "73"]
[EventDate "2008.??.??"]
[EventType "corr"]
[EventRounds "2"]

1. e4 c6 2. d4 d5 3. Nc3 dxe4 4. Nxe4 Bf5 5. Ng3 Bg6 6. Nf3 Nd7 7. h4 h6 8. h5
Bh7 9. Bd3 Bxd3 10. Qxd3 Qc7 11. Bd2 e6 12. O-O-O Ngf6 13. Ne4 O-O-O 14. c4 c5
15. Nxf6 Nxf6 16. Bc3 cxd4 17. Nxd4 Rd7 18. Qe2 Qf4+ 19. Kc2 Bc5 20. g3 Qe4+
21. Qxe4 Nxe4 22. Rh4 Nxc3 23. bxc3 e5 24. Nf5 Rxd1 25. Kxd1 Kd7 26. Ke2 Ke6
27. g4 Kf6 28. Rh1 Rd8 29. Ng3 Ke6 30. a4 b6 31. Rb1 Rc8 32. Ne4 Rc6 33. Kd3
Be7 34. Ra1 Rc7 35. a5 f5 36. gxf5+ Kxf5 37. axb6 1/2-1/2